000 01326namaa2200337 i 4500
003 EG-GICUC
005 20260525123921.0
008 260525s2005 ua ||||jr|||| 000 0 ara d
017 _a2005 / 16087
_bدار الكتب والوثائق القومية (مصر)
040 _aEG-GiCUC
_bara
_cEG-GiCUC
_dEG-GiCUC
_erda
041 _aara
_hger
043 _af-ua---
082 0 4 _221
_a832
_bS361
092 0 4 _221
_a832
_bS361
099 _a832 S361
100 1 _aشنيتسلر، أرتور
_eمؤلف.
245 1 0 _aببغاء الكاكادو الاخضر :
_bمجموعة مسرحيات ذات الفصل الواحد /
_cتأليف أرتور شنيتسلر ؛ ترجمة محسن الدمرداش
250 _aالطبعة الاولى
264 _aالقاهرة (مصر) :
_bالمجلس الاعلى للثقافة،
_c2005.
300 _a260 صفحة ؛
_c20 سم
336 _2rdacontent
_atext
337 _2rdamedia
_aUnmediated
338 _2rdacarrier
_avolume
490 _aالمشروع القومى للترجمة ؛
_v862.
541 _aوزارة الثقافة ؛
_bالقاهرة ؛
_cإهداء ؛
_d2023.
650 1 7 _aالادب الالمانى
_xمسرحيات
_2qrmak
651 1 _2qrmak
700 1 _aالدمراش، محسن
_eمترجم.
905 _aNermeen
942 _2ddc
_cBK
_e21
_n0
999 _c180307
_d180307